000
00330nam a22001337a 4500
008
210224b ||||| |||| 00| 0 eng d
020
_a
9780471098812
041
_a
eng
080
_2
4th edition
_a
510
100
_a
36
101
_a
MAT
245
_a
Introduction to Ordinary Differential Equations
_c
Ross,L.SH
942
_2
udc
_c
BK
999
_c
55124
_d
55124